000 01243nam0a22002771 4500
001 RU\NLR\INFOCOMM_195\5000047356
005 20260406110524.0
035 _a(NLR Aleph) 009160658
090 _a8451845
_c8451845
100 _a20100202d1976 |||y0rusy50 ca
101 0 _ager
102 _aRU
105 _aa ||||000|y
200 1 _aRechenschaftsbericht des Zentralkomitees der Kommunistischen Partei der Sowjetunion und die nächsten Aufgaben der Partei in der Innen- und Außenpolitik
_fL. I. Breshnew
_gXXV Parteitag der KPdSU, Moskau, 1976
210 _aΜ.
_cAPN-Verl.
_d1976
215 _a124, [5] с.
_cпортр.
_d20 см
300 _aВ вып. дан.: Л. И. Брежнев. Отчет Центрального Комитета КПСС и очередные задачи партии в области внутренней и внешней политики
686 _aФ61(2)273-11"1976"
_2rubbk
700 1 _4070
_8rus
_7ca
_aBrežnev
_bL. I.
_f1906-1982
_gLeonid Il'ič
_3RU\NLR\AUTH\77109814
_992739
712 0 2 _aKommunistische Partei der Sowjetunion
_bZK
_4570
790 1 _9z01700
_aBreshnew
_bL. I.
_4070
801 1 _aRU
_bNLR
_c20100202
801 0 _aRU
_bNLR
_gPSBO
852 _aNLR
_jИм31 Д-3/53
942 _cBOOK
980 _aNB